| 000 | 00386nam a2200145Ia 4500 | ||
|---|---|---|---|
| 008 | 230312s9999||||xx |||||||||||||| ||und|| | ||
| 020 | _a0-07-222937-3 | ||
| 082 |
_a005.5 _bULR-M |
||
| 100 | _aMiletsky;Jason | ||
| 245 | 0 | _aPlanning;Developing and Marketing Successful websites | |
| 260 |
_bMcgraw Hill _aNew York _c2003 |
||
| 300 | _a456 | ||
| 650 |
_aComputer _vComputer |
||
| 942 | _cBK | ||
| 999 |
_c15507 _d15507 |
||